Countries with a Similar Shape #2 - Statistics

General Stats
  • This quiz has been taken 413 times
    378 since last reset
  • The average score is 4 of 6
Answer Stats
Country % Correct
Belarus
85%
North Macedonia
82%
Nigeria
79%
Cambodia
61%
Andorra
59%
Rwanda
46%
No matching quizzes found
Score Distribution
Percent of People with Each Score
Percentile by Number Answered
Your Score History
You have not taken this quiz since the last reset